000 00527pab a2200181 454500
008 180718b2012 xxu||||| |||| 00| 0 eng d
100 _aJing, Yijia
245 _aManaged social innovation: The case of government-sponsored venture philanthropy in Shanghai
260 _c2012
300 _ap.233-245.
362 _aJun
650 _aNonprofit organizations - China
650 _aNonprofit organizations
700 _aGong, Ting
773 _aAustralian Journal of Public Administration
908 _aN
909 _a97054
999 _c97054
_d97054